书目信息 |
| 题名: |
梨园忆旧
|
|
| 作者: | 傅杰 选编 | |
| 分册: | ||
| 出版信息: | 杭州 浙江大学出版社 2008.05 |
|
| 页数: | 359页 | |
| 开本: | 23cm | |
| 丛书名: | ||
| 单 册: | ||
| 中图分类: | K825.7=7 | |
| 科图分类: | ||
| 主题词: | 艺术家--yi shu jia--生平事迹--中国--现代 | |
| 电子资源: | ||
| ISBN: | 978-7-308-05875-9 | |
| 000 | 00982nam0 2200241 450 | |
| 001 | 012009987601 | |
| 005 | 20090622160750.23 | |
| 010 | @a978-7-308-05875-9@dCNY33.00 | |
| 100 | @a20090622d2008 em y0chi0120 ea | |
| 101 | 0 | @achi |
| 102 | @aCN@b330000 | |
| 105 | @ay z 000yy | |
| 106 | @ar | |
| 200 | 1 | @a梨园忆旧@Ali yuan yi jiu@e中国著名表演艺术家自述@f傅杰选编@Ffu jie xuan bian |
| 210 | @a杭州@c浙江大学出版社@d2008.05 | |
| 215 | @a359页@d23cm | |
| 330 | @a本书讲述了音乐、戏曲、影视等领域的表演艺术家的学艺经历、表演的体会心得、人生与表演的交融及其酸甜苦乐。 本书遴选20世纪艺人言论,反映了那个时代丰富的背景与内容。曾经为杭州大学出版社1998年出版过,此次打算重新策划出版,包括重新取名,重新装帧。 | |
| 517 | 1 | @a中国著名表演艺术家自述@Azhong guo zhu ming biao yan yi shu jia zi shu |
| 606 | 0 | @a艺术家@Ayi shu jia@x生平事迹@y中国@z现代 |
| 690 | @aK825.7=7@v4 | |
| 701 | 0 | @a傅杰@Afu jie@4选编 |
| 801 | 0 | @aCN@bQSSK@c20090622 |
| 905 | @b747440-42@dK825.7=7@eF921@f3 | |
| 梨园忆旧:中国著名表演艺术家自述/傅杰选编.-杭州:浙江大学出版社,2008.05 |
| 359页;23cm |
| ISBN 978-7-308-05875-9:CNY33.00 |
| 本书讲述了音乐、戏曲、影视等领域的表演艺术家的学艺经历、表演的体会心得、人生与表演的交融及其酸甜苦乐。 本书遴选20世纪艺人言论,反映了那个时代丰富的背景与内容。曾经为杭州大学出版社1998年出版过,此次打算重新策划出版,包括重新取名,重新装帧。 |
| ● |
| 相关链接 |
|
|
|
正题名:梨园忆旧
索取号:K825.7=7/F921
 
预约/预借
| 序号 | 登录号 | 条形码 | 馆藏地/架位号 | 状态 | 备注 |
| 1 | 747440 | 207474400 | 社科库309/309社科库 53排7列5层/ [索取号:K825.7=7/F921] | 在馆 | |
| 2 | 747441 | 207474419 | 社科库309/309社科库 53排7列5层/ [索取号:K825.7=7/F921] | 在馆 | |
| 3 | 747442 | 207474428 | 社科库309/309社科库 53排7列5层/ [索取号:K825.7=7/F921] | 在馆 |